| 000 | 00592nam a22002297a 4500 | ||
|---|---|---|---|
| 001 | 000402 | ||
| 003 | DO-SdBNP | ||
| 005 | 20160719141603.0 | ||
| 007 | 000402 | ||
| 008 | 160719b 2002 nyu ||||| |||| 00| 0 spa d | ||
| 020 | _a0439413044 | ||
| 040 |
_aBPMSU _bspa _cBPMSU |
||
| 092 |
_axxxxx _bxxxxxx |
||
| 100 | 1 | _aHudson, Wade | |
| 245 | 1 | 0 |
_aAnthony's big surprise / _cWade Hudson. |
| 260 |
_aNew York : _bScholastic, Inc., _c2002 |
||
| 300 |
_a89 p. ; _c20 cm. |
||
| 490 | 1 |
_aNEATE _v3 |
|
| 830 | 0 |
_aNEATE ; _v3 |
|
| 942 |
_2ddc _cBK |
||
| 956 |
_2LOPEREZ _310 _620160719 _8BPMSU _a00041 |
||
| 999 |
_c10946 _d10946 |
||